00856nam a22002535i 450000100060000000300090000600500170001500700030003200800410003502000180007604000220009410000430011624501060015925000120026526000360027730000220031349000220033570000360035783000290039385200330042294200080045599900170046395201220048050667ES-MaACL20250823051518.0t|030806s1986 sp ||||0| spa d a84-7223-091-0 aM-BN bspa cM-BN1 aCunqueiro, Álvaro,d1911-198194218810aViajes imaginarios y reales / cAlvaro Cunqueiro ; selección y prólogo de César Antonio Molina. a1ª ed. aBarcelona : bTusquets, c1986. a338 p. ; c19 cm.1 aMarginales ; v911 aMolina, César Antonio.98188300aMarginales ;v919236110 aES-MaACLjL-10307 bR.112077 2udc c50667d50667 00104070aATENEOMbATENEOMcDEPO2d2008-01-17eSCl0oL-10307p1053289r2023-02-23 00:00:00w2023-02-23yMONOGRAFIA